000
00291nam a2200109Ia 4500
008
171211s9999 xx 000 0 und d
245
_a
Birds of Borneo, 2nd Edition
245
_c
MYERS SUSAN
260
_c
2016
650
_x
ANIMALS
856
_u
http://down.ebook777.com/054/9781472924445.pdf
999
_c
348466
_d
348466